000 01354nam a22003132a 4500
001 750
003 UkOxU
005 20211208233226.0
008 131123r1963 enk 101 0 eng d
020 _a0903043335 (pbk)
035 _a(BDjRUL)770
040 _aUKM
_cUKM
_dBDjRUL
_beng
041 _aeng
082 _a025.3
_219
_bINT 1963
111 2 _aInternational Conference on Cataloguing Principles
_d(1961 :
_cParis)
_92234
245 1 0 _aInternational Conference on Cataloguing Principles, Paris, 9th-18th October, 1961 :
_breport /
_c A.H. Chaplin and Dorothy Anderson
260 _aLondon (c/o The British Library, Reference Division, Great Russell St., WC1B 3DG) :
_bIFLA International Office for UBC,
_c c1963.
300 _aviii, 293 p. ;
_c25 cm
500 _aOriginally published: London (National Central Library, Malet Pl., WC1) : Organizing Committee of the International Conference on Cataloguing Principles, 1963
500 _aIncludes index
500 _aAt head of title: International Federation of Library Associations and Institutions
650 0 _aCataloging
_92235
700 1 _aChaplin, A. H.
_q(Arthur Hugh),
_d1905-1996.
_92236
700 1 _aAnderson, Dorothy,
_d1923-
_92237
710 2 _aInternational Federation of Library Associations and Institutions.
_92238
942 _2ddc
_cBK
999 _c750
_d750